Normal view
MARC view
Entry Personal Name
001 - CONTROL NUMBER
- control field: 13318
003 - CONTROL NUMBER IDENTIFIER
- control field: PK-LaUMT
005 - DATE AND TIME OF LATEST TRANSACTION
- control field: 20260702110435.0
008 - FIXED-LENGTH DATA ELEMENTS
- fixed length control field: 260702|| aca||aabn | a|a d
040 ## - CATALOGING SOURCE
- Original cataloging agency: PK-LaUMT
- Transcribing agency: PK-LaUMT
100 ## - HEADING--PERSONAL NAME
- Personal name: Ghulam Mustafa Javaid
670 ## - SOURCE DATA FOUND
- Source citation: Work cat.: (PK-LaUMT)65541: Shakespeare, William 5017, Winter's tale(ونٹر ٹیلز), [ ]
